| 000 | 01146nam a2200157Ia 4500 | ||
|---|---|---|---|
| 005 | 20260209120125.0 | ||
| 008 | 260209s9999||||xx |||||||||||||| ||und|| | ||
| 100 | _aMadhu N R | ||
| 245 | 0 | _aSecuritisation in India | |
| 260 |
_aBangaloreBangalore _bNLSIU _c2008 |
||
| 300 | _a92 p. ; 25 cm. | ||
| 505 | _aContents I. INTRODUCION; II. CONCEPT OF SECURIISATION; o An Overview of Securitization; o Structuring and Legal Issues of Asset Securitization in the US; III SECURITISATION IN INDIA: BASIC CONCEPT AND PROCESS; o Essential Features of Securitisation; o Parties to Securitisation; o Process of Securitization; o Types of Securities; o Advantages of Securitisation; o Risk of Securitisation; IV. CONSTITUTIONALITY OF THE SARFAESI ACT; V. SECURITISATION OF NPAs; o Process of Securitisation under SARFAESI Act; VI. ENFORCEMENT OF SECURITY INTEREST; o Procedure for Enforcement of Security Interest; VII. CONCLUSION; o Issues and Suggestion; BIBILIOGRAPHY. | ||
| 650 | _aSecuritisation - Concept - India, Security Interest, | ||
| 700 | _aProf. N L Mitra - GuideProf. N L Mitra - Guide | ||
| 856 | _uhttps://dans.nls.ac.in/handle/123456789/1415 | ||
| 999 |
_c216839 _d216839 |
||